Statistiques concernant Pokémon ayant la stat Attaque Spéciale la plus haute

Cliquez ici pour prendre le quiz!

Statistiques générales

  • Ce quiz a été pris 590 fois
    (410 depuis la dernière actualisation)
  • Le résultat moyen est 24 sur 41

Statistiques - réponses

StatPokémon% Correct
150154Mewtwo
91%
150194Méga-Mewtwo Y
89%
382150Kyogre
88%
386150Deoxys
85%
386180Deoxys (forme attaque)
85%
382180Primo-Kyogre
84%
384180Méga-Rayquaza
83%
384150Rayquaza
81%
150154Méga-Mewtwo X
80%
646170Kyurem Blanc
77%
065175Méga-Alakazam
77%
483150Dialga
75%
383150Primo-Groudon
75%
643150Reshiram
75%
006159Méga-Dracaufeu Y
74%
484150Palkia
73%
094170Méga-Ectoplasma
70%
282165Méga-Gardevoir
64%
800167Ultra-Necrozma
62%
254145Méga-Jungko
61%
800157Necrozma (Ailes de l'Aurore)
59%
719160Méga-Diancie
56%
381160Méga-Latios
56%
380140Méga-Latias
55%
181165Méga-Pharamp
55%
796173Câblifère
49%
890145Éthernatos
49%
720170Hoopa (forme déchaînée)
49%
720150Hoopa (forme enchaînée)
49%
609145Lugulabre
44%
658153Amphinobi (forme Sacha)
42%
448140Méga-Lucario
41%
229140Méga-Démolosse
37%
642145Fulguris (forme totémique)
33%
681140Exagide (assaut)
32%
806151Pierroteknik
32%
323145Méga-Camérupt
31%
555140Darumacho (mode transe)
26%
738145Lucanon
24%
746140Froussardine (forme banc)
18%
864145Corayôme
13%

Distribution des résultats

Percentile par nombre de réponses

% des personnes avec chaque résultat

Votre développement - résultats

Vous n’avez pas pris ce quiz depuis la dernière actualisation